Catálogo público

Bioquímica médica / (Record no. 169990)

MARC details
000 -CABECERA
campo de control de longitud fija 01505nam a2200325Ia 4500
001 - NÚMERO DE CONTROL
campo de control Z_6718
003 - IDENTIFICADOR DEL NÚMERO DE CONTROL
campo de control CHAP
008 - DATOS DE LONGITUD FIJA--INFORMACIÓN GENERAL
campo de control de longitud fija 220113s9999 xx 000 0 und d
010 ## - NÚMERO DE CONTROL DE LA BIBLIOTECA DEL CONGRESO
Número de control de LC 169990
020 ## - NÚMERO INTERNACIONAL ESTÁNDAR DEL LIBRO
Número Internacional Estándar del Libro 978-1-4557-4580-7 (edición original) \ 978-84-9022-844-9 (versión impresa) \ 978-84-9022-845-6 (versión electrónica)
040 ## - FUENTE DE LA CATALOGACIÓN
Centro/agencia transcriptor CHAP
082 ## - NÚMERO DE LA CLASIFICACIÓN DECIMAL DEWEY
Número de clasificación 574.192 B567
245 ## - MENCIÓN DE TÍTULO
Título Bioquímica médica /
Mención de responsabilidad, etc. [editores] John W. Baynes y Marek H. Dominiczak
250 ## - MENCIÓN DE EDICIÓN
Mención de edición 4a ed.
260 ## - PUBLICACIÓN, DISTRIBUCIÓN, ETC.
Lugar de publicación, distribución, etc. España :
Nombre del editor, distribuidor, etc. Elsevier,
Fecha de publicación, distribución, etc.
300 ## - DESCRIPCIÓN FÍSICA
Extensión x, 636 p.
500 ## - NOTA GENERAL
Nota general Traducción de la obra en inglés: Medical biochemistry \ Con acceso a StudentConsult: Es compatible con PC, Mac, dispositivos móviles y lectores de libros electrónicos. Te permite acceder al contenido completo de la obra, hacer consultas y búsquedas, y disfrutar de este título de un modo interactivo, tanto en línea como sin conexión. Los contenidos de StudentConsult.com están integramente en inglés.
503 ## - NOTA DE HISTORIA BIBLIOGRÁFICA (BK CF MU) [OBSOLETO]
Nota de historia bibliográfica ej.1: consumo \ ej.2: consumo \ ej.3: consumo \ ej.4: consumo \ ej.5: consumo \ ej.6: consumo \ ej.7: consumo \ ej.8: consumo \ ej.9: consumo \ ej.10: consumo
504 ## - NOTA DE BIBLIOGRAFÍA, ETC.
Nota de bibliografía, etc. Incluye bibliografía al final de cada capítulo
650 ## - PUNTO DE ACCESO ADICIONAL DE MATERIA--TÉRMINO DE MATERIA
Término de materia o nombre geográfico como elemento de entrada Bioquímica
9 (RLIN) 12849
650 ## - PUNTO DE ACCESO ADICIONAL DE MATERIA--TÉRMINO DE MATERIA
Término de materia o nombre geográfico como elemento de entrada Bioquímica clínica
9 (RLIN) 145720
700 ## - PUNTO DE ACCESO ADICIONAL--NOMBRE DE PERSONA
Nombre de persona Dominiczak, Marek H., ed.
9 (RLIN) 145721
700 ## - PUNTO DE ACCESO ADICIONAL--NOMBRE DE PERSONA
Nombre de persona Baynes, John W., ed.
9 (RLIN) 145722
901 ## - ELEMENTOS DE DATOS A LOCAL LDA (RLIN)
a 574.192 B567
902 ## - ELEMENTOS DE DATOS B LOCAL, LDB (RLIN)
a A
910 ## - DATOS DE OPCIÓN DEL USUARIO (OCLC)
Datos de opción del usuario
942 ## - ELEMENTOS DE PUNTO DE ACCESO ADICIONAL (KOHA)
Tipo de ítem Koha Libro_
942 ## - ELEMENTOS DE PUNTO DE ACCESO ADICIONAL (KOHA)
Tipo de ítem Koha
Holdings
Estado de retiro Estado de pérdida Fuente del sistema de clasificación o colocación Estado dañado No para préstamo Código de colección Localización permanente Ubicación/localización actual Ubicación en estantería Fecha de adquisición Código de barras Fecha visto por última vez Número de copia Precio válido a partir de Tipo de ítem Koha
    Dewey Decimal Classification     General Zootecnia Zootecnia   13/09/2016 z_6667 18/01/2022 1 18/01/2022 Libro
    Dewey Decimal Classification     General Zootecnia Zootecnia   13/09/2016 z_6668 18/01/2022 2 18/01/2022 Libro
    Dewey Decimal Classification     General Zootecnia Zootecnia   13/09/2016 z_6669 18/01/2022 3 18/01/2022 Libro
    Dewey Decimal Classification     General Zootecnia Zootecnia   13/09/2016 z_6670 18/01/2022 4 18/01/2022 Libro
    Dewey Decimal Classification     General Zootecnia Zootecnia   13/09/2016 z_6671 18/01/2022 5 18/01/2022 Libro
    Dewey Decimal Classification     General Zootecnia Zootecnia   13/09/2016 z_6672 18/01/2022 6 18/01/2022 Libro
    Dewey Decimal Classification     General Zootecnia Zootecnia   13/09/2016 z_6673 18/01/2022 7 18/01/2022 Libro
    Dewey Decimal Classification     General Zootecnia Zootecnia   13/09/2016 z_6674 18/01/2022 8 18/01/2022 Libro
    Dewey Decimal Classification     General Zootecnia Zootecnia   13/09/2016 z_6675 18/01/2022 9 18/01/2022 Libro
    Dewey Decimal Classification     General Zootecnia Zootecnia   13/09/2016 z_6676 18/01/2022 10 18/01/2022 Libro